000 01829cam a2200517 a 4500
001 91327
005 20230410143348.0
008 960916s1997 moua bf 001 0 eng
010 _a 96043451
035 _a(OCoLC)ocm35646467
040 _aDLC
_cDLC
_dC#P
_dAGL
_dCUX
_dNLM
_dMUQ
_dOCLCQ
_dBAKER
_dBTCTA
_dYDXCP
016 7 _a9705180
_2DNLM
020 _a0815173261
020 _a9780815173267
020 _a0939674386
020 _a9780939674381
029 1 _aNLM
_b9705180
029 1 _aYDXCP
_b1325397
029 1 _aNZ1
_b4835193
029 1 _aAU@
_b000012819913
029 1 _aDEBBG
_bBV017426857
035 _a(OCoLC)35646467
050 1 4 _aSF 772.6
_bL123 1997
082 0 0 _a636.089/60756
_220
049 _aGRAL
245 0 0 _aLaboratory procedures for veterinary technicians /
_cedited by Paul W. Pratt.
250 _a3rd ed.
260 _aSt. Louis, Mo. :
_bMosby,
_cc1997.
300 _aix, 660 p. :
_bill. (some col.) ;
_c23 cm.
500 _a"A Times Mirror Company"--T.p. verso.
504 _aIncludes bibliographical references and index.
650 0 _aVeterinary clinical pathology
_vLaboratory manuals.
650 0 _aVeterinary medicine
_vLaboratory manuals.
650 6 _aDiagnostics biologiques en médecine vetérinaire
_xManuels de laboratoire.
650 6 _aMédecine vetérinaire
_xManuels de laboratoire.
650 1 2 _aLaboratory Techniques and Procedures
_xveterinary
_vLaboratory Manuals.
650 2 2 _aPathology, Veterinary
_vLaboratory Manuals.
650 2 2 _aVeterinary Medicine
_vLaboratory Manuals.
700 1 _aPratt, Paul W.
938 _aBaker & Taylor
_bBKTY
_c39.95
_d39.95
_i0815173261
_n0002925143
_sactive
938 _aBaker and Taylor
_bBTCP
_n96043451
938 _aYBP Library Services
_bYANK
_n1325397
942 _2lcc
_cbk
946 _aPP
994 _aC0
_bDRFGD
999 _c100296
_d100296